|
|
|
|
| LEADER |
00892nam a2200229 u 4500 |
| 001 |
10017570 |
| 003 |
upatras |
| 005 |
20210319121331.0 |
| 008 |
881025s1994 gr gre |
| 040 |
|
|
|a GR-PaULI
|c GR-PaULI
|
| 041 |
0 |
|
|a gre
|
| 100 |
1 |
|
|9 122391
|a Prokofiev, Sergey,
|d 1891-1953.
|
| 245 |
1 |
0 |
|a O Πέτρος και ο λύκος [ηχογράφηση]
|c Sergei Prokofiev
|
| 260 |
|
|
|a Αθήνα
|b Erato discs
|c 1994
|
| 300 |
|
|
|a 1 compact disc
|c 4 3/4 in.
|
| 650 |
|
4 |
|a Ορχηστρική μουσική
|9 134950
|
| 650 |
|
4 |
|a Παραμύθια
|x Παραμύθια
|9 4847
|
| 700 |
1 |
|
|a Nagano, Kent
|9 139859
|
| 852 |
|
|
|a GR-PaULI
|b ΠΑΤΡΑ
|b ΒΚΠ
|b ΔΑΝ
|k CDMU
|h CDM PRO 938
|m 39049
|t 1
|
| 942 |
|
|
|2 ddc
|c CDM
|
| 952 |
|
|
|0 0
|1 0
|4 0
|6 CDM_PRO_938_000000000000000
|7 0
|9 168913
|a LISP
|b LISP
|c BSC
|d 2016-04-24
|i 39049
|l 0
|o CDM PRO 938
|r 2016-04-24 00:00:00
|t 1
|w 2016-04-24
|y CDM
|
| 999 |
|
|
|c 105610
|d 105610
|